Introduction to computer numberical control (CNC)

Guardado en:
Detalles Bibliográficos
Autor principal: James V. Valentino
Formato: Libro
Lenguaje:Undetermined
Publicado: Upper Saddle River, NJ Prentice-Hall 2003
Materias:
Etiquetas: Agregar Etiqueta
Sin Etiquetas, Sea el primero en etiquetar este registro!
Thư viện lưu trữ: Trung tâm Học liệu Trường Đại học Cần Thơ
LEADER 00563nam a2200193Ia 4500
001 CTU_58077
008 210402s9999 xx 000 0 und d
082 |a 621.9023 
082 |b V161 
100 |a James V. Valentino 
245 0 |a Introduction to computer numberical control (CNC) 
245 0 |c James V. Valentino and Joseph Goldenberg 
260 |a Upper Saddle River, NJ 
260 |b Prentice-Hall 
260 |c 2003 
650 |a machine tools 
650 |x numerical control 
904 |i Minh 
980 |a Trung tâm Học liệu Trường Đại học Cần Thơ